Computer Based Numerical and Statistical Techniques/ (Record no. 186358)

MARC details
000 -LEADER
fixed length control field 00603nam a2200193 4500
005 - DATE AND TIME OF LATEST TRANSACTION
control field 20220224144657.0
010 ## - LCCN (DPL NO)
LC control number ENG-131786
020 ## - INTERNATIONAL STANDARD BOOK NUMBER
International Standard Book Number 97899352833986
Terms of availability 350.00
035 ## - SYSTEM CONTROL NUMBER
System control number EN-115318
037 ## - SOURCE OF ACQUISITION
Source of stock number/acquisition DBAD/PUB
082 ## - DEWEY DECIMAL CLASSIFICATION NUMBER
Classification number 518
100 ## - MAIN ENTRY--PERSONAL NAME
Personal name Sengar, Santosh Kumar
245 ## - TITLE STATEMENT
Title Computer Based Numerical and Statistical Techniques/
Statement of responsibility, etc Santosh Kumar Sengar
250 ## - EDITION STATEMENT
Edition statement 4th Edition
260 ## - PUBLICATION, DISTRIBUTION, ETC. (IMPRINT)
Place of publication, distribution, etc New Delhi
Name of publisher, distributor, etc S Chand And Company Limited
Date of publication, distribution, etc 2019
270 ## - ADDRESS
Address 7361, Ram Nagar, Qutab Road
City New Delhi
Postal code 110055
300 ## - PHYSICAL DESCRIPTION
Extent xvi,566p.
Other physical details Index
Dimensions 24cm(pbk)
942 ## - ADDED ENTRY ELEMENTS (KOHA)
Source of classification or shelving scheme Dewey Decimal Classification
Item type English Books
Classification part 518
Call number suffix SEN
Holdings
Withdrawn status Lost status Not for loan Collection code Home library Current library Date acquired Source of acquisition Cost, normal purchase price Full call number Barcode Copy number Cost, replacement price Koha item type
      Non-fiction Patel Nagar Patel Nagar 24/02/2022 DBAD/PUB 350.00 518 SEN EN-115318 1 350.00 English Books

© Delhi Public Library
Hit Counter
free hit counter